000
00507nam a2200181Ia 4500
008
100917s9999 xx 000 0 und d
082
_b
50415
100
_a
चिणे पुष्पा
245
_a
अद्वैत
260
_b
राजेश मराठी पॉकेट बुक्स
_c
1981
300
_a
186
365
_b
12
520
_a
कादंबरी
630
_a
अद्वैत
650
_a
कादंबरी
730
_a
अद्वैत
942
_c
BOOK
999
_c
655809
_d
655806